شفاء الغليل : (Record no. 14166)
[ view plain ]
| 000 -LEADER | |
|---|---|
| fixed length control field | 01177nam a22002297a 4500 |
| 008 - FIXED-LENGTH DATA ELEMENTS--GENERAL INFORMATION | |
| fixed length control field | 100622t xxu||||| |||| 00| 0 eng d |
| 082 ## - DEWEY DECIMAL CLASSIFICATION NUMBER | |
| Edition number | 22 |
| Classification number | 251 |
| Item number | غ ز ا |
| 245 ## - TITLE STATEMENT | |
| Title | شفاء الغليل : |
| Remainder of title | في بيان الشبه والمخيل ومسالك التعليل / |
| Statement of responsibility, etc | تحقيق حمدي الكبيسي؛ أبي حامد الغزالي |
| 260 ## - PUBLICATION, DISTRIBUTION, ETC. (IMPRINT) | |
| Place of publication, distribution, etc | بغداد: |
| Name of publisher, distributor, etc | مطبعة الارشاد ، 1971 |
| Date of publication, distribution, etc | 1971 |
| 300 ## - PHYSICAL DESCRIPTION | |
| Extent | 744 ص ؛ |
| Dimensions | 25 سم |
| 500 ## - GENERAL NOTE | |
| General note | هذا الكتاب هو القسم الثاني من رسالة جامعية قدمت للحصول على درجة الدكتوراه في الشريعة الاسلامية من كلية الشريعة والقانون بجامعة الأزهر وقد نوقشت 8/6/1969 |
| 504 ## - BIBLIOGRAPHY, ETC. NOTE | |
| Bibliography, etc | يحتوي على إرجاعات ببليوجرافية وكشافات |
| 650 ## - SUBJECT ADDED ENTRY--TOPICAL TERM | |
| 9 (RLIN) | 15064 |
| Topical term or geographic name as entry element | الفقه الإسلامي، أصول |
| 650 ## - SUBJECT ADDED ENTRY--TOPICAL TERM | |
| 9 (RLIN) | 15065 |
| Topical term or geographic name as entry element | الاجتهاد |
| 650 ## - SUBJECT ADDED ENTRY--TOPICAL TERM | |
| 9 (RLIN) | 15066 |
| Topical term or geographic name as entry element | الإجماع |
| 650 ## - SUBJECT ADDED ENTRY--TOPICAL TERM | |
| 9 (RLIN) | 15068 |
| Topical term or geographic name as entry element | الاستنباط |
| 650 ## - SUBJECT ADDED ENTRY--TOPICAL TERM | |
| 9 (RLIN) | 15070 |
| Topical term or geographic name as entry element | القياس |
| 650 ## - SUBJECT ADDED ENTRY--TOPICAL TERM | |
| 9 (RLIN) | 14911 |
| Topical term or geographic name as entry element | السنة |
| 650 ## - SUBJECT ADDED ENTRY--TOPICAL TERM | |
| 9 (RLIN) | 15073 |
| Topical term or geographic name as entry element | التقليد |
| 700 ## - ADDED ENTRY--PERSONAL NAME | |
| 9 (RLIN) | 15062 |
| Personal name | الكبيسي، حمدي |
| Relator term | تحقيق |
| 942 ## - ADDED ENTRY ELEMENTS (KOHA) | |
| Source of classification or shelving scheme | Dewey Decimal Classification |
| Item type | Book - Borrowing |
| Withdrawn status | Item status | Source of classification or shelving scheme | Damaged status | Not for loan | Vendor | Home library | Current library | Shelving location | Date acquired | Source of acquisition | Total Checkouts | Full call number | Barcode | Date last seen | Koha item type |
|---|---|---|---|---|---|---|---|---|---|---|---|---|---|---|---|
| Dewey Decimal Classification | Alef-Baa | Central Library | Central Library | Lower Floor | 22/06/2010 | 251 الغ | 000021080 | 15/07/2025 | Book - Borrowing |